00503pab a2200169 454500008004000000100002000040245006100060260000900121300001300130362001100143650002100154773002000175908000600195909001000201999001700211952010500228180718b2009 xxu||||| |||| 00| 0 eng d aDevi, M.D. Usha aInternationalisation of higher education: social fallout c2009 ap.11-12. a27 Jul aHigher education aUniversity News aN a83300 c83300d83300 00104070aIIPAbIIPAd2018-07-19hVolume no: 47, Issue no: 30pAR83760r2018-07-19w2018-07-19yAR